000 01459nam a2200205 a 4500
001 22597
003 CO-ViMGA
008 141112s2004 ck r 000 u spa d
040 _aCO-ViMGA
_bspa
_cCO-ViMGA
082 0 4 _aSTO
245 1 0 _aStory taller :
_bCuenta cuentos en español e ingles
260 _aBogotá :
_bContinente editores SA,
_c2006
300 _a3V+ 2 CD - ROM
500 _aVol. y núm. : 3
505 _aVOLUMEN 1 : Los tres cerditos, los dos amigos y el oso, el diablo de los tres pelos de oro, aladino y la lampara maravillosa, la de los cerillos, la sopa de la piedra, la lechera, ricitos de oro, los regalos de los duendes, la rana y el buey, boca ancha, el mono y el delfin, el perro mirandose en el agua, la hormiga y la cigarra, lluvia de estrellas, el patito feo VOLUMEN 2 : Hansel y grettel, la bella durmiente, cenicienta, la gallina de los huevos de oro, la sirenita, pinocho, pulgarcito, ali baba y los cuarenta ladrones, el manto, las habichuelas magicas, los cuatro magos y el leon - - VOLUMEN 3 pedro y el lobo, blancanieves, caperucita roja, el enano barabay, el espiritu de la botella, el gato con botas, el gigante egoista, el pozo magico, el rico y el pobre, el flautosta de hamelin
590 _aForma de adquisición : Compra - - Precio : 250.000 - - Proveedor : Dismet - - Fecha de adquisición : 2008
650 1 4 _aCUENTOS INFANTILES
_92743
650 1 4 _aCUENTOS INFANTILES - COLECCIONES
_92468
942 _2ddc
_cBK
999 _c30898
_d30898